[Event "II Open"]
[Site "Crema ITA"]
[Date "2000.09.17"]
[Round "5"]
[White "Vigano', Massimo"]
[Black "Drei, Andrea"]
[Result "0-1"]
[WhiteElo "2170"]
[BlackElo "2350"]
[PlyCount "54"]
[EventDate "2000.09.15"]

1.e4 c5 2.Nf3 e6 3.d4 cxd4 4.Nxd4 Nc6 5.Nc3 Qc7 6.Be3 a6 7.Be2 Nf6 8.O-O 
Be7 9.f4 d6 10.Qe1 O-O 11.Bf3 Bd7 12.Qf2 Rac8 13.a4 e5 14.Nxc6 bxc6 15.
fxe5 dxe5 16.h3 Rb8 17.b3 Be6 18.Be2 Qa5 19.Qe1 Bb4 20.Bd2 Qc5+ 21.Kh1 
Bxc3 22.Bxc3 Nxe4 23.Bb2 Qxc2 24.Bxe5 Rbe8 25.Bd1 Qd3 26.Rf3 Qd5 27.Bc2 
Qxe5 0-1

[Event "II Open"]
[Site "Crema ITA"]
[Date "2000.09.17"]
[Round "5"]
[White "Vismara, Daniele"]
[Black "Agnelli, Francesco"]
[Result "1-0"]
[WhiteElo "2246"]
[BlackElo "2123"]
[PlyCount "81"]
[EventDate "2000.09.15"]

1.Nf3 Nf6 2.c4 g6 3.Nc3 Bg7 4.d4 d6 5.e4 O-O 6.Be2 e5 7.d5 a5 8.Bg5 h6 9.
Bh4 Na6 10.Nd2 Qe8 11.O-O h5 12.b3 Nh7 13.f3 Bh6 14.a3 Bd7 15.Kh1 Bg5 16.
Bf2 h4 17.Rb1 Qe7 18.b4 axb4 19.axb4 Nf6 20.c5 Nb8 21.Nc4 Na6 22.cxd6 cxd6
23.Qb3 Nh5 24.Nb6 Rad8 25.Bxa6 bxa6 26.Ra1 Bf4 27.Nxd7 Rxd7 28.Ne2 Rb8 29.
Rxa6 Rdb7 30.Rb1 Qg5 31.Kg1 Bd2 32.b5 Rxb5 33.Qxb5 Rxb5 34.Rxb5 h3 35.g3 
Be3 36.Rxd6 Bxf2+ 37.Kxf2 Qd2 38.Rd8+ Kg7 39.d6 Nf6 40.d7 Qd1 41.Rd5 1-0

[Event "II Open"]
[Site "Crema ITA"]
[Date "2000.09.17"]
[Round "6"]
[White "Agnelli, Francesco"]
[Black "Pedini, Dario"]
[Result "1-0"]
[WhiteElo "2123"]
[BlackElo "1626"]
[PlyCount "97"]
[EventDate "2000.09.15"]

1.e4 e5 2.Nf3 Nc6 3.Bb5 a6 4.Ba4 Nf6 5.d3 b5 6.Bb3 Be7 7.c3 d6 8.Nbd2 O-O 
9.Nf1 Na5 10.Bc2 h6 11.Ng3 Re8 12.h3 c5 13.O-O Bd7 14.Be3 Qc7 15.Nh2 Kh7 
16.f4 Bf8 17.fxe5 dxe5 18.Qf3 Be6 19.Ng4 Nxg4 20.hxg4 f6 21.Kf2 b4 22.Rh1 
Qf7 23.Nf5 bxc3 24.bxc3 Rab8 25.Kg3 Rb2 26.Ba4 Reb8 27.Rh2 Rb1 28.Rxb1 
Rxb1 29.Qf2 Qc7 30.g5 Qf7 31.Qc2 Ra1 32.c4 fxg5 33.Qc3 Rf1 34.Qxa5 g6 35.
Rxh6+ Bxh6 36.Nxh6 Kxh6 37.Qd8 Qf6 38.Qc7 Re1 39.Qxc5 Kh5 40.Qa7 Bf7 41.
Kh2 g4 42.Bf2 Re2 43.Kg1 Rxa2 44.Bd7 Qf4 45.g3 Qf3 46.Bxg4+ Kxg4 47.Qd7+ 
Kg5 48.Qd8+ Kh6 49.Qh8+ 1-0

[Event "II Open"]
[Site "Crema ITA"]
[Date "2000.09.17"]
[Round "6"]
[White "Aloisio, Salvatore"]
[Black "Sartorio, Diego"]
[Result "0-1"]
[WhiteElo "1516"]
[BlackElo "1705"]
[PlyCount "26"]
[EventDate "2000.09.15"]

1.e4 d6 2.d4 Nf6 3.Nc3 c6 4.f3 b5 5.Be3 Qc7 6.Qd2 a5 7.Nd1 Nbd7 8.Bd3 Nb6 
9.Bg5 e5 10.Ne2 Be7 11.Ne3 Nxe4 12.Bxe4 Bxg5 13.h4 Nc4 0-1

[Event "II Open"]
[Site "Crema ITA"]
[Date "2000.09.17"]
[Round "6"]
[White "Ausmins, Elmar"]
[Black "Vismara, Daniele"]
[Result "1-0"]
[WhiteElo "2324"]
[BlackElo "2246"]
[PlyCount "99"]
[EventDate "2000.09.15"]

1.d4 Nf6 2.Nf3 e6 3.c4 b6 4.Nc3 Bb4 5.Qb3 c5 6.d5 Ne4 7.e3 Qf6 8.Bd2 Bxc3 
9.bxc3 O-O 10.Bd3 Nxd2 11.Nxd2 exd5 12.cxd5 d6 13.O-O Nd7 14.f4 Qh6 15.Rf3
f5 16.Qa4 Qf6 17.Rc1 Nb8 18.Qb3 Na6 19.e4 fxe4 20.Nxe4 Qe7 21.Ng5 Rxf4 22.
Rg3 h6 23.Ne6 Bxe6 24.dxe6 Nc7 25.Re1 Raf8 26.Qd1 R8f6 27.h3 Rxe6 28.Rxe6 
Qxe6 29.Qc1 Qf7 30.Bg6 Qf6 31.Bb1 Ne6 32.Rg6 Qe5 33.Rxe6 Qxe6 34.Qxf4 Qe1+
35.Qf1 Qxc3 36.Qf5 Qd4+ 37.Kh2 c4 38.Be4 Qe5+ 39.Qxe5 dxe5 40.Bd5+ Kf8 41.
Bxc4 Ke7 42.Kg3 Kd6 43.Kg4 Kc5 44.Bf1 Kd4 45.Kf5 Ke3 46.Ba6 e4 47.Bb7 b5 
48.Bxe4 b4 49.Bd5 a5 50.Bb3 1-0

[Event "II Open"]
[Site "Crema ITA"]
[Date "2000.09.17"]
[Round "6"]
[White "Bonazzi, Edoardo"]
[Black "Sanavio, Giancarlo"]
[Result "1-0"]
[WhiteElo "2085"]
[BlackElo "1561"]
[PlyCount "83"]
[EventDate "2000.09.15"]

1.g3 Nf6 2.c4 c5 3.Bg2 Nc6 4.Nc3 e6 5.Nf3 d5 6.cxd5 exd5 7.d4 h6 8.O-O Be7
9.dxc5 Bxc5 10.Qa4 O-O 11.Rd1 Qb6 12.e3 Be6 13.Qb5 Rfd8 14.Qxb6 Bxb6 15.
Ne2 Rac8 16.Bd2 Ne4 17.Be1 Bg4 18.h3 Bh5 19.g4 Bg6 20.Nf4 Ne7 21.Bb4 Bc5 
22.Bxc5 Rxc5 23.Ne5 Bh7 24.Rac1 b6 25.Ned3 Rc4 26.Nxd5 Rxc1 27.Nxe7+ Kf8 
28.Rxc1 Rxd3 29.Nf5 Bxf5 30.gxf5 Nd6 31.f6 gxf6 32.Rc7 a5 33.Rd7 Rd2 34.
Kf1 b5 35.Ke1 Rxb2 36.Rxd6 Rxa2 37.Rxf6 Kg7 38.Ra6 b4 39.Bd5 Ra1+ 40.Kd2 
a4 41.Ra7 b3 42.Bxb3 1-0

[Event "II Open"]
[Site "Crema ITA"]
[Date "2000.09.17"]
[Round "6"]
[White "D'Ettorre, Ireneo"]
[Black "Vigano', Massimo"]
[Result "0-1"]
[WhiteElo "1711"]
[BlackElo "2170"]
[PlyCount "106"]
[EventDate "2000.09.15"]

1.c4 e6 2.d4 Nf6 3.g3 d5 4.Bg2 Be7 5.Nf3 O-O 6.cxd5 exd5 7.O-O h6 8.Nc3 c6
9.e3 Bf5 10.Qb3 Qb6 11.Nd2 Na6 12.a3 Qxb3 13.Nxb3 Rad8 14.Na5 Rd7 15.b4 
Re8 16.Nb3 Bf8 17.Nd2 Nb8 18.Bb2 Rdd8 19.Rfe1 Nbd7 20.Rac1 Nb6 21.Bf1 a6 
22.Be2 Nc8 23.Bd1 Nd6 24.Bc2 Bxc2 25.Rxc2 Re6 26.Kg2 Ra8 27.Ra1 Ree8 28.
Kf3 a5 29.bxa5 Rxa5 30.Nb3 Ra7 31.Nc5 b5 32.Nd3 Nc4 33.Ne5 Nxe5+ 34.dxe5 
Rxe5 35.Ne2 Rf5+ 36.Kg2 c5 37.Nf4 g5 38.Ne2 h5 39.Bxf6 Rxf6 40.Nc3 b4 41.
Nxd5 Rfa6 42.a4 Rxa4 43.Rxa4 Rxa4 44.Nb6 b3 45.Rb2 Rb4 46.Nd5 Rb7 47.f4 
Bg7 48.Rb1 gxf4 49.gxf4 c4 50.e4 c3 51.Kf3 c2 52.Rg1 Kf8 53.e5 b2 0-1

[Event "II Open"]
[Site "Crema ITA"]
[Date "2000.09.17"]
[Round "6"]
[White "Distratis, Gianluca"]
[Black "Orlando, Luigi"]
[Result "1/2-1/2"]
[WhiteElo "1633"]
[BlackElo "1812"]
[PlyCount "89"]
[EventDate "2000.09.15"]

1.e4 d6 2.d4 Nf6 3.Nc3 g6 4.Bg5 Bg7 5.Qd2 h6 6.Bf4 g5 7.Bg3 Nh5 8.Nge2 Nc6
9.O-O-O Nxg3 10.hxg3 a5 11.d5 Ne5 12.f4 Ng4 13.fxg5 e5 14.dxe6 Bxe6 15.
gxh6 Bxh6 16.Kb1 Qf6 17.Nf4 Bg7 18.Nh5 Rxh5 19.Rxh5 Nf2 20.Bb5+ c6 21.e5 
dxe5 22.Rf1 cxb5 23.Rxf2 Qe7 24.Qg5 Qc5 25.Rd2 b4 26.Nd1 Bf8 27.Qxe5 Qc4 
28.Qb5+ Qxb5 29.Rxb5 Bh6 30.Rh5 Bxd2 31.Rh8+ Kd7 32.Rxa8 Kc6 33.b3 b6 34.
Rg8 Kb5 35.Nf2 a4 36.Ne4 Be1 37.Nd6+ Kc6 38.Nc4 axb3 39.cxb3 b5 40.Ne5+ 
Kd6 41.Nf3 Bf2 42.Rg5 Bd5 43.Kc2 f6 44.Rg4 Kc5 45.Kd3 1/2-1/2

[Event "II Open"]
[Site "Crema ITA"]
[Date "2000.09.17"]
[Round "6"]
[White "Drei, Andrea"]
[Black "Everet, Alexandro"]
[Result "1-0"]
[WhiteElo "2350"]
[BlackElo "2348"]
[PlyCount "169"]
[EventDate "2000.09.15"]

1.e4 Nc6 2.Nf3 e5 3.d4 exd4 4.Nxd4 Nf6 5.Nxc6 dxc6 6.Qxd8+ Kxd8 7.Bd3 Be6 
8.Nc3 h6 9.h3 g6 10.Be3 Bg7 11.O-O-O Ke8 12.f4 Kf8 13.g4 Re8 14.f5 gxf5 
15.gxf5 Bc8 16.Bc5+ Kg8 17.Rhg1 Nd7 18.Bd4 f6 19.Bc4+ Kh7 20.Bf7 Re7 21.
Bg6+ Kg8 22.Bxa7 b6 23.Bb8 Nf8 24.Rd8 Bb7 25.Re8 Rxe8 26.Bxe8 Kh7 27.Bxc7 
b5 28.Ne2 h5 29.Bxh5 Nd7 30.Nf4 Rc8 31.Bg6+ Kh8 32.Ne6 Bh6+ 33.Kb1 Nc5 34.
Nxc5 Rxc7 35.Re1 Bc8 36.b4 Bf8 37.Kb2 Be7 38.Kb3 Kg7 39.Be8 Kf8 40.Bd7 Kf7
41.Be6+ Ke8 42.Bxc8 Rxc8 43.Ne6 Kf7 44.Nf4 Ke8 45.h4 c5 46.bxc5 Bxc5 47.
Ne6 Be7 48.h5 Kf7 49.Nf4 Rc4 50.h6 Rb4+ 51.Kc3 Rc4+ 52.Kd3 Rc8 53.Ng6 Bf8 
54.Rh1 Rd8+ 55.Kc3 Rc8+ 56.Kb3 Re8 57.h7 Bg7 58.h8=Q Bxh8 59.Rxh8 Rxe4 60.
Rh7+ Kg8 61.Rb7 Rb4+ 62.Kc3 Rc4+ 63.Kd3 Rc5 64.c3 Rd5+ 65.Kc2 Rc5 66.a3 b4
67.Rxb4 Kg7 68.Nh4 Kh6 69.a4 Kg5 70.Nf3+ Kxf5 71.Rb5 Rxb5 72.axb5 Ke6 73.
b6 Kd6 74.c4 Kc6 75.c5 f5 76.Nd4+ Kb7 77.Nxf5 Kc6 78.Kd3 Kb7 79.Kc4 Kc6 
80.Nd4+ Kb7 81.Kb5 Kb8 82.c6 Ka8 83.Ka6 Kb8 84.Nf5 Ka8 85.Nd6 1-0

[Event "II Open"]
[Site "Crema ITA"]
[Date "2000.09.17"]
[Round "6"]
[White "Festa, Samuele"]
[Black "Mariano, Elia"]
[Result "0-1"]
[WhiteElo "1554"]
[BlackElo "2093"]
[PlyCount "68"]
[EventDate "2000.09.15"]

1.d4 d5 2.Nf3 Nf6 3.Bg5 Bf5 4.e3 e6 5.Bd3 Bxd3 6.Qxd3 Nbd7 7.O-O Be7 8.
Nbd2 O-O 9.Rfe1 c5 10.c3 Qb6 11.Qc2 Rfc8 12.Qb3 Qc7 13.Rac1 Bd6 14.Bxf6 
Nxf6 15.e4 Bf4 16.Rcd1 cxd4 17.cxd4 dxe4 18.Nxe4 Nd5 19.Nc5 b6 20.Nd3 Qc2 
21.Qxc2 Rxc2 22.g3 Bh6 23.Nfe5 Rac8 24.f4 g5 25.Ng4 Bg7 26.Nge5 gxf4 27.
gxf4 Bh6 28.Ng4 Bxf4 29.Rf1 Be3+ 30.Kh1 f5 31.Nxe3 Nxe3 32.Rg1+ Ng4 33.Rg2
Rxg2 34.Kxg2 Ne3+ 0-1

[Event "II Open"]
[Site "Crema ITA"]
[Date "2000.09.17"]
[Round "6"]
[White "Giussani, Giovanni"]
[Black "Mondello, Fernando"]
[Result "0-1"]
[WhiteElo "1600"]
[BlackElo "1605"]
[PlyCount "52"]
[EventDate "2000.09.15"]

1.e4 c5 2.Nf3 Nc6 3.d4 cxd4 4.Nxd4 Nf6 5.Nc3 e5 6.Ndb5 d6 7.Bg5 a6 8.Na3 
b5 9.Bxf6 gxf6 10.Nd5 f5 11.Bd3 Be6 12.O-O Bg7 13.c4 bxc4 14.Nxc4 O-O 15.
Ncb6 fxe4 16.Nxa8 exd3 17.Nac7 e4 18.Nxe6 fxe6 19.Nc3 d5 20.Qg4 Rf6 21.Qg3
Rg6 22.Qf4 Be5 23.Qe3 Nd4 24.f3 Qh4 25.f4 Nc2 26.Qf2 Bd4 0-1

[Event "II Open"]
[Site "Crema ITA"]
[Date "2000.09.17"]
[Round "6"]
[White "Malloggi, Stefano"]
[Black "Menato, Nazario"]
[Result "1-0"]
[WhiteElo "1579"]
[BlackElo "1399"]
[PlyCount "79"]
[EventDate "2000.09.15"]

1.e4 Nf6 2.e5 Nd5 3.c4 Nb6 4.d4 d6 5.exd6 cxd6 6.Nf3 Bf5 7.Nc3 Nc6 8.a3 e6
9.Bf4 Be7 10.Be2 O-O 11.O-O a6 12.b4 Rc8 13.Qb3 Bg4 14.Rfd1 Bf6 15.c5 d5 
16.cxb6 Bxf3 17.Bc7 Qe7 18.Bxf3 Nxd4 19.Qb2 Nb5 20.Rac1 Nxc7 21.bxc7 Rxc7 
22.Qb3 Rfc8 23.Ne2 Be5 24.g3 Qf6 25.Bg2 h6 26.Qe3 b5 27.Rxc7 Rxc7 28.Rc1 
Rxc1+ 29.Qxc1 Bb2 30.Qc8+ Kh7 31.Qxa6 Qe5 32.Bf1 Qb8 33.Nf4 Qe5 34.Nd3 Qc3
35.Nxb2 Qxb2 36.Bxb5 Qb1+ 37.Bf1 d4 38.Qd3+ Qxd3 39.Bxd3+ f5 40.b5 1-0

[Event "II Open"]
[Site "Crema ITA"]
[Date "2000.09.17"]
[Round "6"]
[White "Nigroni, Stefano"]
[Black "Biava, Pierluigi"]
[Result "1-0"]
[WhiteElo "1446"]
[BlackElo "1588"]
[PlyCount "129"]
[EventDate "2000.09.15"]

1.e4 d6 2.d4 Nf6 3.Nc3 c6 4.Bc4 b5 5.Bb3 b4 6.Nce2 Nxe4 7.d5 c5 8.c3 a5 9.
cxb4 axb4 10.Bf4 g5 11.f3 gxf4 12.fxe4 e5 13.dxe6 Bxe6 14.Bxe6 fxe6 15.
Nxf4 Qf6 16.Qd2 Bh6 17.g3 e5 18.Qd5 exf4 19.Qxa8 O-O 20.Qd5+ Kh8 21.Qb3 
fxg3 22.Nf3 g2 23.Rg1 Qxf3 24.Qxf3 Rxf3 25.Rxg2 Nc6 26.Rd1 Nd4 27.a3 bxa3 
28.bxa3 Re3+ 29.Kf1 Rxe4 30.Rb1 Rf4+ 31.Kg1 Nf3+ 32.Kh1 Ne5 33.a4 Ng6 34.
Ra1 Bg7 35.Raa2 Rf1+ 36.Rg1 Rxg1+ 37.Kxg1 Bd4+ 38.Kf1 Kg7 39.a5 c4 40.a6 
d5 41.Rd2 c3 42.Rc2 Kf6 43.Rxc3 Ke5 44.Rh3 Ne7 45.Rxh7 Kd6 46.h4 Nc6 47.h5
Bf6 48.h6 Kc5 49.Rc7 Kb6 50.Rd7 d4 51.h7 Be5 52.a7 Nxa7 53.Re7 Nc6 54.Rxe5
Nxe5 55.h8=Q Nc6 56.Ke2 Kc5 57.Kd3 Kb5 58.Qh5+ Kb6 59.Kc4 Kb7 60.Qb5+ Kc7 
61.Kc5 Ne5 62.Kxd4 Nc6+ 63.Kd5 Ne7+ 64.Kc5 Nf5 65.Qc6+ 1-0

[Event "II Open"]
[Site "Crema ITA"]
[Date "2000.09.17"]
[Round "6"]
[White "Pagnoncelli, Marco"]
[Black "Giretti Kanev, Jasen"]
[Result "0-1"]
[WhiteElo "2082"]
[BlackElo "2181"]
[PlyCount "90"]
[EventDate "2000.09.15"]

1.e4 c5 2.Nf3 e6 3.d4 cxd4 4.Nxd4 Nc6 5.Nc3 a6 6.g3 Nge7 7.Bg2 Nxd4 8.Qxd4
Nc6 9.Qd3 Bc5 10.O-O b5 11.Bf4 e5 12.Bxe5 Nxe5 13.Qd5 Qc7 14.Qxa8 Nc4 15.
e5 O-O 16.Qd5 Re8 17.Rae1 Nxb2 18.Ne4 Bf8 19.Nd6 Re6 20.Bh3 Re7 21.Re3 Na4
22.Nxc8 Qxc8 23.Qd3 Nb6 24.Qe2 Nd5 25.Rd3 Nb4 26.Rd2 Nxa2 27.Qd3 Nb4 28.
Bxd7 Qc7 29.Qf5 Rxe5 30.Qf4 Qc3 31.Rfd1 Nxc2 32.Qxe5 Qxe5 33.Rxc2 g6 34.
Ra2 Qf6 35.Bc8 b4 36.Rxa6 Qf3 37.Rf1 b3 38.Raa1 Bc5 39.Rab1 Bd4 40.Bh3 b2 
41.Bg2 Qf5 42.Rbd1 Bxf2+ 43.Kh1 Qc2 44.Bd5 Be3 45.Ba2 Qe4+ 0-1

[Event "II Open"]
[Site "Crema ITA"]
[Date "2000.09.17"]
[Round "6"]
[White "Poretti, Ennio"]
[Black "Massa, Salvenrico"]
[Result "0-1"]
[WhiteElo "1614"]
[BlackElo "1762"]
[PlyCount "86"]
[EventDate "2000.09.15"]

1.e4 c5 2.Nf3 e6 3.d4 cxd4 4.Nxd4 a6 5.Nc3 Bc5 6.Be3 Ba7 7.Bc4 b5 8.Bb3 b4
9.Nce2 Bb7 10.Ng3 Nf6 11.f3 Qc7 12.Qd2 Bxd4 13.Bxd4 Nc6 14.Be3 h6 15.O-O 
a5 16.a3 a4 17.Ba2 bxa3 18.bxa3 Qa5 19.Qf2 Rc8 20.Rfd1 O-O 21.Rab1 Qa8 22.
Ne2 d5 23.exd5 Nxd5 24.Bxd5 exd5 25.Rxd5 Rfd8 26.Rh5 Rd6 27.Rh3 Rcd8 28.
Qe1 Re8 29.f4 Rde6 30.Qc3 Ne7 31.Nd4 Nd5 32.Qb2 Rb6 33.Nb5 Rxe3 34.Rxe3 
Nxe3 35.Qd4 Rg6 36.Qxe3 Rxg2+ 37.Kf1 Rxh2 38.Re1 Rxc2 39.Qd3 Rh2 40.Nc7 
Rh1+ 41.Kf2 Qa7+ 42.Re3 Qc5 43.Kg3 Rg1+ 0-1

[Event "II Open"]
[Site "Crema ITA"]
[Date "2000.09.17"]
[Round "6"]
[White "Rota, Simone"]
[Black "Santandrea, Marco"]
[Result "1/2-1/2"]
[WhiteElo "1653"]
[BlackElo "1543"]
[PlyCount "47"]
[EventDate "2000.09.15"]

1.d4 Nf6 2.Nf3 e6 3.Bg5 Be7 4.Nbd2 d5 5.e3 Nbd7 6.Bd3 h6 7.Bh4 O-O 8.O-O 
c5 9.c3 c4 10.Bc2 b5 11.a3 Bb7 12.Bxf6 Nxf6 13.Ne5 Nd7 14.f4 Bd6 15.Rf3 
Bxe5 16.fxe5 f5 17.Rg3 Qe8 18.Qf3 g5 19.h3 Qg6 20.Bd1 Kf7 21.Qf1 Ke7 22.b4
h5 23.Nf3 g4 24.h4 1/2-1/2

[Event "II Open"]
[Site "Crema ITA"]
[Date "2000.09.17"]
[Round "6"]
[White "Scarpellini, Felice"]
[Black "Masotti, Roberto"]
[Result "0-1"]
[WhiteElo "1633"]
[BlackElo "1684"]
[PlyCount "58"]
[EventDate "2000.09.15"]

1.c4 f5 2.Nc3 Nf6 3.g3 e5 4.Bg2 c6 5.e3 g6 6.Nge2 Bg7 7.O-O O-O 8.d4 e4 9.
d5 Qe8 10.Rb1 Na6 11.b4 Qf7 12.b5 Nc7 13.Ba3 d6 14.Bxd6 Rd8 15.Bxc7 Qxc7 
16.Qb3 c5 17.a4 Qd6 18.a5 Nd7 19.Na4 b6 20.a6 Ne5 21.Nf4 g5 22.Nh5 Qh6 23.
Qd1 Nf3+ 24.Bxf3 exf3 25.Qxf3 g4 26.Qf4 Qxh5 27.Qc7 Rd7 28.Qc6 Rb8 29.Nxb6
axb6 0-1

[Event "II Open"]
[Site "Crema ITA"]
[Date "2000.09.17"]
[Round "6"]
[White "Tencati, Giuseppe"]
[Black "Ruggeri, Dario"]
[Result "1-0"]
[WhiteElo "2061"]
[BlackElo "1579"]
[PlyCount "67"]
[EventDate "2000.09.15"]

1.d4 Nf6 2.c4 g6 3.Nf3 Bg7 4.Nc3 d5 5.Bf4 c6 6.e3 Qa5 7.Be2 Qb4 8.Qb3 Na6 
9.Nd2 Bf5 10.a3 Qxb3 11.Nxb3 Rc8 12.O-O Nc7 13.h3 O-O 14.Bh2 Rfe8 15.Na5 
dxc4 16.Nxb7 Bd3 17.Bxd3 cxd3 18.Nc5 Nfd5 19.Nxd3 Nxc3 20.bxc3 Nd5 21.Rfc1
Nb6 22.Rab1 Nc4 23.a4 Bh6 24.Rd1 a5 25.Rb7 Nd6 26.Bxd6 exd6 27.Rdb1 c5 28.
dxc5 dxc5 29.R1b5 Red8 30.Nxc5 Rd5 31.Nd7 Rxb5 32.axb5 Rxc3 33.Ra7 Rxe3 
34.Ra8+ 1-0

[Event "II Open"]
[Site "Crema ITA"]
[Date "2000.09.17"]
[Round "6"]
[White "Vecchia, Mario"]
[Black "Gualazzi, Paolo"]
[Result "1-0"]
[WhiteElo "1692"]
[BlackElo "1654"]
[PlyCount "93"]
[EventDate "2000.09.15"]

1.e4 e5 2.Nf3 Nc6 3.Bb5 a6 4.Ba4 Nf6 5.O-O b5 6.Bb3 Be7 7.Re1 O-O 8.c3 d6 
9.h3 Bd7 10.d3 Qc8 11.Nbd2 Re8 12.Nf1 Nd8 13.Ne3 Bf8 14.Nd5 Nxd5 15.Bxd5 
c6 16.Bb3 g6 17.Ng5 Ne6 18.Qf3 Nxg5 19.Bxg5 Be6 20.Bxe6 Qxe6 21.a4 Qb3 22.
axb5 axb5 23.Qe2 Ra2 24.Rxa2 Qxa2 25.Qc2 Ra8 26.Rc1 Qe6 27.c4 bxc4 28.Qxc4
Qxc4 29.Rxc4 c5 30.b4 cxb4 31.Rxb4 Ra3 32.Bf6 Ra8 33.Kf1 h6 34.Rb6 Re8 35.
Ke2 Re6 36.Bd8 Kg7 37.Kd2 g5 38.Kc3 Re8 39.Rb8 Be7 40.Bc7 Rxb8 41.Bxb8 Kg6
42.Kc4 f5 43.Kd5 fxe4 44.dxe4 g4 45.hxg4 Kg5 46.Bxd6 Bd8 47.f3 1-0